UM Logo

Financial literacy among business owners in Jose Abad Santos, Davao Occidental / (Record no. 23439)

MARC details
000 -LEADER
fixed length control field 00726nam a22001817a 4500
005 - DATE AND TIME OF LATEST TRANSACTION
control field 20260309095944.0
008 - FIXED-LENGTH DATA ELEMENTS--GENERAL INFORMATION
fixed length control field 250213b |||||||| |||| 00| 0 eng d
082 ## - DEWEY DECIMAL CLASSIFICATION NUMBER
Classification number UT 1739 N87 2024
100 ## - MAIN ENTRY--PERSONAL NAME
Personal name Noya, Carel P.
9 (RLIN) 65246
245 ## - TITLE STATEMENT
Title Financial literacy among business owners in Jose Abad Santos, Davao Occidental /
Statement of responsibility, etc. Carel P. Noya, Lenie May O. Neones, and Suzanne May N. Olojan
260 ## - PUBLICATION, DISTRIBUTION, ETC. (IMPRINT)
Place of publication, distribution, etc. Digos City :
Name of publisher, distributor, etc. UMDC,
Date of publication, distribution, etc. ©July 2024.
300 ## - PHYSICAL DESCRIPTION
Extent viii, 52 pages :
Other physical details illustration (some colors) ;
Dimensions 29 cm.
521 ## - TARGET AUDIENCE NOTE
Target audience note Includes references and appendices.
650 #0 - SUBJECT ADDED ENTRY--TOPICAL TERM
Topical term or geographic name as entry element Business administration
General subdivision Undergraduate thesis.
9 (RLIN) 69963
700 ## - ADDED ENTRY--PERSONAL NAME
Personal name Neones, Lenie May O.
9 (RLIN) 65247
700 ## - ADDED ENTRY--PERSONAL NAME
Personal name Olojan, Suzanne May N.
9 (RLIN) 65248
942 ## - ADDED ENTRY ELEMENTS (KOHA)
Source of classification or shelving scheme Dewey Decimal Classification
Koha item type Undergraduate Thesis
Holdings
Withdrawn status Lost status Source of classification or shelving scheme Damaged status Not for loan Collection code Home library Current library Date acquired Total Checkouts Full call number Barcode Date last seen Price effective from Koha item type
    Dewey Decimal Classification     Undergraduate Theses UM Digos College - LIC UM Digos College - LIC 11/18/2024   UT 1739 N87 2024 1739 02/14/2025 02/14/2025 Undergraduate Thesis